Stabilization policy in France and the Federal republic of Germany
Salvato in:
| Altri autori: | , |
|---|---|
| Natura: | Libro |
| Lingua: | inglese |
| Pubblicazione: |
Amsterdam
North-Holland
1985
|
| Serie: | Contributions to economic analysis
153 |
| Soggetti: | |
| Tags: |
Nessun Tag, puoi essere il primo ad aggiungerne!!
|
MARC
| LEADER | 00000nam a2200000 4500 | ||
|---|---|---|---|
| 001 | c100967 | ||
| 005 | 20230315134945.2 | ||
| 020 | |a 0-444-87529-8 | ||
| 041 | 0 | |a eng | |
| 044 | |a NL | ||
| 245 | 1 | 0 | |a Stabilization policy in France and the Federal republic of Germany |c Edited by G. de Ménil and U. Westphal |
| 264 | 1 | |a Amsterdam |b North-Holland |c 1985 | |
| 300 | |a 379 s. | ||
| 490 | 1 | |a Contributions to economic analysis |v 153 | |
| 830 | 0 | |a Contributions to economic analysis |v 153 | |
| 610 | 2 | 0 | |a stabilizácia hospodárstva |
| 610 | 2 | 0 | |a politika |
| 610 | 2 | 0 | |a politika hospodárska |
| 610 | 2 | 0 | |a makroekonomika |
| 610 | 2 | 0 | |a porovnanie medzinárodné |
| 610 | 2 | 0 | |a Francúzsko |
| 610 | 2 | 0 | |a Nemecko |
| 700 | 1 | |a Ménil, G. de | |
| 700 | 1 | |a Westphal, U. | |